Sports Quiz

Random Sports or NFL Quiz

NFL Team Coaching Wins Quiz Stats

 Plays Quiz Updated Feb 3, 2019

Score 0/32 Timer 07:00
0 Plays Today
Team Coach % Correct
Indianapolis ColtsTony Dungy
80.3%
Miami DolphinsDon Shula
79.9%
Dallas CowboysTom Landry
72.5%
Tennessee TitansJeff Fisher
71.7%
Denver BroncosMike Shanahan
70.8%
Washington RedskinsJoe Gibbs
68%
Philadelphia EaglesAndy Reid
67.7%
Oakland RaidersJohn Madden
67.4%
Seattle SeahawksPete Carroll
67.3%
New England PatriotsBill Belichick
66%
Baltimore RavensJohn Harbaugh
65.1%
Tampa Bay BuccaneersJon Gruden
62.1%
Carolina PanthersJohn Fox
60.9%
Jacksonville JaguarsTom Coughlin/Jack Del Rio
58.8%
Buffalo BillsMarv Levy
57.2%
Pittsburgh SteelersChuck Noll
56.5%
Team Coach % Correct
Cleveland BrownsPaul Brown
54%
Atlanta FalconsMike Smith
53.4%
Chicago BearsGeorge Halas
52.9%
Houston TexansGary Kubiak
47.6%
San Francisco 49ersGeorge Seifert
39.9%
Green Bay PackersCurly Lambeau
37.9%
Kansas City ChiefsHank Stram
37.7%
New Orleans SaintsSean Payton
37.6%
Cincinnati BengalsMarvin Lewis
34.5%
Minnesota VikingsBud Grant
31.4%
Detroit LionsWayne Fontes
24.3%
New York JetsWeeb Ewbank
24.1%
Arizona CardinalsBruce Arians
23.3%
Los Angeles RamsJohn Robinson
12.9%
New York GiantsSteve Owen
6.7%
Los Angeles ChargersSid Gillman
5.4%

You're not logged in!

Compare scores with friends on all Sporcle quizzes.
OR
Log In

Sporcle TV

Today on Sporcle TV


Watch our educational content, quiz creation guides, and fun videos on Sporcle TV.

Show Comments

Extras

Top Quizzes Today


Score Distribution

Your Account Isn't Verified!

In order to create a playlist on Sporcle, you need to verify the email address you used during registration. Go to your Sporcle Settings to finish the process.

Report this User

Report this user for behavior that violates our Community Guidelines.

Details: